Collected works / (Record no. 96496)
[ view plain ]
| 000 -LEADER | |
|---|---|
| fixed length control field | 00557nam a22001937a 4500 |
| 005 - DATE AND TIME OF LATEST TRANSACTION | |
| control field | 20150911150022.0 |
| 010 ## - LCCN (DPL NO) | |
| LC control number | ENG-113933 |
| 020 ## - INTERNATIONAL STANDARD BOOK NUMBER | |
| Terms of availability | 400.00 |
| International Standard Book Number | 9789350450826 |
| 035 ## - SYSTEM CONTROL NUMBER | |
| System control number | EN-97465 |
| 037 ## - SOURCE OF ACQUISITION | |
| Source of stock number/acquisition | DBAD/PUB |
| Stock number | dpl |
| 082 ## - DEWEY DECIMAL CLASSIFICATION NUMBER | |
| Classification number | 881 |
| 100 ## - MAIN ENTRY--PERSONAL NAME | |
| Personal name | Merchant, Hoshang |
| 245 ## - TITLE STATEMENT | |
| Title | Collected works / |
| Statement of responsibility, etc | by Hoshang Merchant |
| 260 ## - PUBLICATION, DISTRIBUTION, ETC. (IMPRINT) | |
| Place of publication, distribution, etc | Calcutta |
| Name of publisher, distributor, etc | Writers Workshop |
| Date of publication, distribution, etc | 2014 |
| 270 ## - ADDRESS | |
| Address | 162/92, Lake Gardens, |
| City | Calcutta |
| Postal code | 700045 |
| 300 ## - PHYSICAL DESCRIPTION | |
| Extent | V.3(241p.) |
| Dimensions | 22cm(Hb) |
| 505 ## - FORMATTED CONTENTS NOTE | |
| Formatted contents note | V.3-Place / name, a sextet |
| 942 ## - ADDED ENTRY ELEMENTS (KOHA) | |
| Source of classification or shelving scheme | Dewey Decimal Classification |
| Item type | English Books |
| Call number suffix | MER |
| Classification part | 881 |
| Withdrawn status | Lost status | Not for loan | Collection code | Home library | Current library | Date acquired | Source of acquisition | Cost, normal purchase price | Full call number | Barcode | Copy number | Cost, replacement price | Koha item type |
|---|---|---|---|---|---|---|---|---|---|---|---|---|---|
| Not For Loan | Non-fiction | D.B.Act.Division | D.B.Act.Division | 26/08/2015 | DBAD/PUB | 400.00 | 881 MER | EN-97465 | 1 | 400.00 | English Books |
